000 01338cam a22003254a 4500
001 15411385
005 20141001145933.0
008 080813s2009 at 001 0 eng
010 _a 2008935217
020 _a9781598638547
020 _a1598638548
040 _aDLC
_cDLC
_dDLC
050 0 0 _aHF 5549.5.I6
_b.F757 2009
082 0 0 _a650.14/4
100 1 _aFry, Ron.
245 1 0 _a101 smart questions to ask on your interview /
_cRon Fry.
246 3 _aOne hundred one smart questions to ask on your interview
246 3 _aOne hundred and one smart questions to ask on your interview
250 _a3rd ed.
260 _aAustralia ;
_aBoston, MA :
_bCourse Technology,
_cc2009.
300 _axvi, 147 pages :
_c22 cm.
500 _aIncludes index.
650 0 _aEmployment interviewing.
856 4 2 _3Contributor biographical information
_uhttp://www.loc.gov/catdir/enhancements/fy1104/2008935217-b.html
856 4 2 _3Publisher description
_uhttp://www.loc.gov/catdir/enhancements/fy1104/2008935217-d.html
856 4 1 _3Table of contents only
_uhttp://www.loc.gov/catdir/enhancements/fy1104/2008935217-t.html
906 _a7
_bcbc
_corignew
_d2
_eepcn
_f20
_gy-gencatlg
942 _2lcc
_cBK
_kFOR
999 _c275991
_d275991